000 00324nam a22001457a 4500
008 231016b ||||| |||| 00| 0 eng d
020 _a0801493633
041 _aeng
080 _a101
082 _a101HAR
100 _a44
101 _aFILOZO
245 _aTHE SCIENCE QUESTION IN FEMINISM
_cHARDING S
942 _2udc
_cBK
999 _c60453
_d60453